000 01790nam a2200505 i 4500
001 33764
003 KOSZ 005
005 20210917144255.0
008 990409s1998 pl a |000 0 pol
015 _aUWD 1999/5019
020 _a8301126779
035 _a991009890379705066
035 _a(PL-WaBN)b12669155-48omnis_nlop
035 _ab12669155
035 _a(OCoLC)830195866
035 _azz2004854426
035 _a(PL)b0000001266915
035 _a(EXLNZ-48OMNIS_NETWORK)9910414683205606
040 _aWA N
_cWA N
_dKIEL W
_dKOSZ 005/HR
046 _k1998
080 _a913(438)
080 _a908(438)
245 0 0 _aSłownik geograficzno-krajoznawczy Polski /
_c[red. prowadzący Iwona Swenson ; aut. Zofia Aleksandrowicz et al. ; oprac. red. Elżbieta Bajkiewicz-Grabowska et al.].
250 _aWyd. 3 zm.
260 _aWarszawa :
_bWydaw. Naukowe PWN,
_c1998.
300 _aXXIX, 1046 s., [32] s. tabl. kolor. :
_bil., fot., mapy, pl., rys. ;
_c26 cm +
_e[2] k. map złoż.
336 _aTekst
_btxt
_2rdacontent
337 _aBez urządzenia pośredniczącego
_bn
_2rdamedia
338 _aWolumin
_bnc
_2rdacarrier
380 _aKsiążki
388 _a1901-2000
388 _a1989-2000
650 7 _aGeografia
650 7 _aKrajoznawstwo
651 7 _aPolska
_2DBN
655 7 _aEncyklopedia
_2DBN
658 _aGeografia i nauki o Ziemi
700 1 _aAleksandrowicz, Zofia
_eAutor
700 1 _aBajkiewicz-Grabowska, Elżbieta
_d(1949- )
_eRedakcja
700 1 _aSwenson, Iwona
_eRedakcja
710 2 _aWydawnictwo Naukowe PWN
_4pbl
856 _uhttp://koha.tu.koszalin.pl/cgi-bin/koha/opac-detail.pl?biblionumber=33764
_yKatalog online BPK
942 _2UKD
_cKS
999 _c33764
_d33764